00446nam a2200121Ia 4500008004100000245014400041260002400185260000900209300000700218650002300225650001200248856006400260170516s9999 xx 000 0 und d aOptimization of enzymatic saccharification of Chaetomorpha linum biomass for the production of macroalgae-based third generation bioethanol bAIMS Bioengineering c2016 a:3 xMedical Technology xMedtech uhttp://www.aimspress.com/journal/Bioengineering/2016/3.html